Cải tiến máy dệt lọp tự động : Báo cáo tổng kết đề tài nghiên cứu khoa học của sinh viên

Nâng cao độ chặt khít của mình lọp sau khi dệt. Cải tiến nâng cao độ chính xác, tin cậy của cơ cấu phóng nang. Giảm thiểu độ so le của mình lọp sau khi dệt. Đồng bộ các cơ cấu cải tiến vào máy nhưng vẫn đảm bảo năng suất 20 mình lọp/giờ (t...

ver descrição completa

Na minha lista:
Detalhes bibliográficos
Autor principal: Nguyễn, Thanh Liêm
Formato: Livro
Idioma:Undetermined
Publicado em: Cần Thơ Trường Đại học Cần Thơ 2015
Assuntos:
Tags: Adicionar Tag
Sem tags, seja o primeiro a adicionar uma tag!
Thư viện lưu trữ: Trung tâm Học liệu Trường Đại học Cần Thơ
LEADER 01345nam a2200229Ia 4500
001 CTU_210234
008 210402s9999 xx 000 0 und d
082 |a 621.8 
082 |b L304 
088 |a TSV2015-04 
100 |a Nguyễn, Thanh Liêm 
245 0 |a Cải tiến máy dệt lọp tự động : 
245 0 |b Báo cáo tổng kết đề tài nghiên cứu khoa học của sinh viên 
245 0 |c Nguyễn Thanh Liêm ; Nguyễn Thành Tính (hướng dẫn) 
260 |a Cần Thơ 
260 |b Trường Đại học Cần Thơ 
260 |c 2015 
520 |a Nâng cao độ chặt khít của mình lọp sau khi dệt. Cải tiến nâng cao độ chính xác, tin cậy của cơ cấu phóng nang. Giảm thiểu độ so le của mình lọp sau khi dệt. Đồng bộ các cơ cấu cải tiến vào máy nhưng vẫn đảm bảo năng suất 20 mình lọp/giờ (tương đương 5 lao động dệt thủ công). 
650 |a Textile machinery,Machine parts,Máy dệt,Máy dệt,Chi tiết máy,Textile machinery 
650 |x Design and construction,Thiết kế và cấu trúc 
904 |i trần hoàng phúc,Qhieu 
980 |a Trung tâm Học liệu Trường Đại học Cần Thơ